| 000 | 03056namaa2200493uu 4500 | ||
|---|---|---|---|
| 001 | doab112779 | ||
| 003 | oapen | ||
| 005 | 20260218110442.0 | ||
| 006 | m o d | ||
| 007 | cr|mn|---annan | ||
| 008 | 230817s2024 xx |||||o ||| 0|eng d | ||
| 020 | _a9781003399568 | ||
| 020 | _a9781003399568 | ||
| 020 | _a9781032507651 | ||
| 020 | _a9781032507682 | ||
| 024 | 7 |
_a10.4324/9781003399568 _2doi |
|
| 040 |
_aoapen _coapen _d |
||
| 041 | 0 | _aeng | |
| 042 | _adc | ||
| 720 | 1 |
_aDunn, Nick _4edt |
|
| 245 | 0 | 0 | _aFlourish by Design |
| 260 |
_bTaylor & Francis _c2024 |
||
| 300 | _a1 online resource (204 p.) | ||
| 336 |
_atext _btxt _2rdacontent |
||
| 337 |
_acomputer _bc _2rdamedia |
||
| 338 |
_aonline resource _bcr _2rdacarrier |
||
| 506 | 0 |
_fUnrestricted online access _2star |
|
| 520 | _aFlourish by Design brings together a range of established and emerging voices in design research for a collection that provides original provocations on topics of global significance. It is an insightful guide to original theory and practice concerning how we can design for a better tomorrow. Featuring contributors from a diverse array of backgrounds and professions, this edited book explores the difference that design and design research can make for people, organisations, and the planet to prosper now and in the future. It offers a range of ideas and techniques through practical examples and ongoing projects showing how applied design research can respond to global challenges. Covering topics as diverse as artificial intelligence, bio-inspired materials, more-than-human design, sustainability, and urban acupuncture, it shares interdisciplinary and transdisciplinary design research not just to demonstrate what could be plausible in the near future but also to explain why it might be preferable. By sharing these despatches, this collection represents the very best of what design research can do, explaining how and why. This book is intended for a wide audience of professionals, scholars, and students in design, architecture, and public policy, as well as anyone who has an interest in how we design the world and, in turn, it designs us. | ||
| 540 |
_aCreative Commons _fhttps://creativecommons.org/licenses/by-nc-nd/4.0/ _2cc _uhttps://creativecommons.org/licenses/by-nc-nd/4.0/ |
||
| 546 | _aEnglish | ||
| 650 | 7 |
_aApplied ecology _2bicssc |
|
| 650 | 7 |
_aArchitectural structure and design _2bicssc |
|
| 650 | 7 |
_aDesign, Industrial and commercial arts, illustration _2bicssc |
|
| 650 | 7 |
_aEnvironmentally-friendly ('green') architecture and design _2bicssc |
|
| 650 | 7 |
_aProduct design _2bicssc |
|
| 720 | 1 |
_aCoupe, Gemma _4edt |
|
| 720 | 1 |
_aCoupe, Gemma _4oth |
|
| 720 | 1 |
_aCruickshank, Leon _4edt |
|
| 720 | 1 |
_aCruickshank, Leon _4oth |
|
| 720 | 1 |
_aDunn, Nick _4oth |
|
| 793 | 0 | _aDOAB Library. | |
| 856 |
_uhttps://docs.google.com/spreadsheets/d/1yKIrdCPDAG_9c22mwoOIO2DOhtj65Wqa/edit?usp=sharing&ouid=106555315294820607512&rtpof=true&sd=true _yList of Curated E-Books |
||
| 942 | _cE-BOOK | ||
| 999 |
_c81197 _d81196 |
||